LEADER 01374nam a2200289 u 4500 001 000000090187 003 CaOOAMICUS 005 20070226124709.0 008 051209s1971 gw adf u000 u ger u 035 $a11071877 040 $aPUL(R)$bita 100 1 $aCorrell, Werner.$0(OLS)http://pul/name/58384 245 10$aPädagogische Verhaltenspsychologie :$bGrundlagen, Methoden und Ergebnisse der neueren verhaltenspsychologischen Forschung /$cvon Prof. Dr. Werner Correll. 250 $a4. Aufl. 260 $aMünchen :$bE. Reinhardt,$c1971. 300 $a323 p., [3] p. di tav. :$bill., diagr. ;$c24 cm 490 1 $aErziehung und Psychologie ;$v35 500 $aInclude indice. 504 $aBibliografia in nota. 650 4$aPsicologia cognitiva.$0(OLS)http://pul/subject/10140 650 4$aApprendimento$xAspetti psicologici.$0(OLS)http://pul/subject/13883 830 0$aErziehung und Psychologie ;$v35.$0(OLS)http://pul/title/116496 850 $aPUL 852 $aPUL$W1$xDP1 Fondo Pastorale$y55$mP16 A 49$j113863$nBK-PRI$b $qFondi$B113863$CPULBib$Z2$F113863 $HPUL64117 $81 941 1 $a1 996 $6245$aPädagogische Verhaltenspsychologie :$bGrundlagen, Methoden und Ergebnisse der neueren verhaltenspsychologischen Forschung$9(OLS)http://pul/title/116495 996 $6260$aMünchen :$bE. Reinhardt$9(OLS)http://pul/publisher/52602 LEADER 01205nam a2200277 u 4500 001 000000113255 003 CaOOAMICUS 005 20080930123748.0 008 080930s2008 it u000 u ita r 020 $z978-88-308-0941-3* 040 $aPUL$bita$dLDB 100 1 $aCesarini, Dante.$0(OLS)http://pul/name/59168 245 10$aTra storia e mistica :$bstudi e documenti sul modernismo cattolico /$cDante Cesarini. 260 $aAssisi :$bCittadella,$cc2008. 300 $a364 p. ;$c21 cm 490 1 $aConvivium Assisiense - Studia ;$v06 500 $aContiene indice. 504 $aContiene indicazioni bibliografiche. 650 4$aModernismo$xChiesa cattolica.$0(OLS)http://pul/subject/27933 830 0$aStudia (Convivium Assisiense) ;$v6.$0(OLS)http://pul/title/77757 850 $aPUL 852 $aPUL$W1$xSL Religione 3$y85$m270. 5 CESDA 1$j129407$qDDC 21$B128492$CPULBib$Z2$F128492 $H108247 $82 941 1 $a9 996 $6020$z978-88-308-0941-3*$9(OLS)http://pul/number/138696 996 $6245$aTra storia e mistica :$bstudi e documenti sul modernismo cattolico$9(OLS)http://pul/title/142318 996 $6260$aAssisi :$bCittadella$9(OLS)http://pul/publisher/49668